EDUCATIONAL INNOVATIONS (Record no. 2215)

MARC details
000 -LEADER
fixed length control field 00487nam a22001817a 4500
003 - CONTROL NUMBER IDENTIFIER
control field OSt
005 - DATE AND TIME OF LATEST TRANSACTION
control field 20210906152159.0
008 - FIXED-LENGTH DATA ELEMENTS--GENERAL INFORMATION
fixed length control field 210906b |||||||| |||| 00| 0 eng d
020 ## - INTERNATIONAL STANDARD BOOK NUMBER
International Standard Book Number 81-7169-350-4
040 ## - CATALOGING SOURCE
Transcribing agency HAWASSA UNIVERSITY
050 ## - LIBRARY OF CONGRESS CALL NUMBER
Classification number 303.484/PRU
Item number 1
082 ## - DEWEY DECIMAL CLASSIFICATION NUMBER
Classification number 303.484PRU
Item number 1
100 ## - MAIN ENTRY--PERSONAL NAME
Personal name PURUSHOTHAMAN .RD
Fuller form of name PURUSHOTHAMAN .RD
9 (RLIN) 1835
245 ## - TITLE STATEMENT
Title EDUCATIONAL INNOVATIONS
260 ## - PUBLICATION, DISTRIBUTION, ETC.
Date of publication, distribution, etc. 2005
600 ## - SUBJECT ADDED ENTRY--PERSONAL NAME
Personal name PURUSHOTHAMAN .RD
Fuller form of name PURUSHOTHAMAN .RD
9 (RLIN) 1835
942 ## - ADDED ENTRY ELEMENTS (KOHA)
Source of classification or shelving scheme Dewey Decimal Classification
Koha item type Books like text book referance book
Suppress in OPAC No
Holdings
Withdrawn status Lost status Source of classification or shelving scheme Damaged status Not for loan Home library Current library Date acquired Total Checkouts Full call number Barcode Date last seen Copy number Price effective from Koha item type
    Dewey Decimal Classification     College of Agriculture Library College of Agriculture Library 09/06/2021   304.484/PUR ALIB0000256 09/06/2021 1 09/06/2021 Books like text book referance book